Online
Catalog

Se aprende exponiendo : (Record no. 60159)

MARC details
000 -CABECERA
campo de control de longitud fija 01470nam a2200373 i 4500
003 - IDENTIFICADOR DEL NÚMERO DE CONTROL
campo de control DO-SdBNP
005 - FECHA Y HORA DE LA ÚLTIMA TRANSACCIÓN
campo de control 20260210100723.0
007 - CAMPO FIJO DE DESCRIPCIÓN FÍSICA--INFORMACIÓN GENERAL
campo de control de longitud fija ta
008 - DATOS DE LONGITUD FIJA--INFORMACIÓN GENERAL
campo de control de longitud fija 260129b2025 dr ||||| |||| 00| 0 spa d
020 ## - NÚMERO INTERNACIONAL ESTÁNDAR DEL LIBRO
Número Internacional Estándar del Libro 9789945296778
040 ## - FUENTE DE LA CATALOGACIÓN
Centro catalogador/agencia de origen DO-SdBNP
Lengua de catalogación spa
Centro/agencia transcriptor BNPHU
Normas de descripción rda
041 ## - CÓDIGO DE LENGUA
Código de lengua del texto/banda sonora o título independiente spa
082 #4 - NÚMERO DE LA CLASIFICACIÓN DECIMAL DEWEY
Número de clasificación xxx
Número de documento/Ítem Q59s
Número de edición 22
100 1# - ENTRADA PRINCIPAL--NOMBRE DE PERSONA
Nombre de persona Quezada, Rosmery,
Término indicativo de función/relación autor
Código de función/relación aut.
9 (RLIN) 88918
245 13 - MENCIÓN DE TÍTULO
Título Se aprende exponiendo :
Resto del título del sueño a la galería /
Mención de responsabilidad, etc. Rosmery Quezada ; ilustraciones, Kutty Reyes ; colaborador, Thimo Pimentel... y otros seis.
264 ## - PRODUCCIÓN, PUBLICACIÓN, DISTRIBUCIÓN, FABRICACIÓN Y COPYRIGHT
Producción, publicación, distribución, fabricación y copyright Santo Domingo, República Dominicana :
Nombre del de productor, editor, distribuidor, fabricante Impresión Amigo del Hogar,
Fecha de producción, publicación, distribución, fabricación o copyright 2025.
300 ## - DESCRIPCIÓN FÍSICA
Extensión 53 páginas :
Otras características físicas ilustraciones ;
Dimensiones 24 cm.
336 ## - TIPO DE CONTENIDO
Término de tipo de contenido texto
Código de tipo de contenido txt
Fuente rdacontent
337 ## - TIPO DE MEDIO
Nombre/término del tipo de medio sin mediación
Código del tipo de medio n
Fuente rdamedia
338 ## - TIPO DE SOPORTE
Nombre/término del tipo de soporte volumen
Código del tipo de soporte nc
Fuente rdacarrier
500 ## - NOTA GENERAL
Nota general Incluye datos biográficos de la autora
500 ## - NOTA GENERAL
Nota general La biblioteca posee un ejemplar auto biografiados
590 ## - NOTA LOCAL (RLIN)
Nota local Inventariado, 2026 /LP
700 1# - PUNTO DE ACCESO ADICIONAL--NOMBRE DE PERSONA
Nombre de persona Reyes, Kutty,
Término indicativo de función/relación ilustrador
Código de función/relación il.
9 (RLIN) 81107
700 1# - PUNTO DE ACCESO ADICIONAL--NOMBRE DE PERSONA
Nombre de persona Pimentel, Thimo
Término indicativo de función/relación colaborador
Código de función/relación col.
9 (RLIN) 6477
700 1# - PUNTO DE ACCESO ADICIONAL--NOMBRE DE PERSONA
Nombre de persona Casasnovas, Guadalupe
Término indicativo de función/relación colaborador
Código de función/relación col.
9 (RLIN) 34369
700 1# - PUNTO DE ACCESO ADICIONAL--NOMBRE DE PERSONA
Nombre de persona Sanchez, Edgar
Término indicativo de función/relación colaborador
Código de función/relación col.
9 (RLIN) 88984
700 1# - PUNTO DE ACCESO ADICIONAL--NOMBRE DE PERSONA
Nombre de persona Casasnovas, Augusto
Término indicativo de función/relación colaborador
Código de función/relación col.
9 (RLIN) 88985
700 1# - PUNTO DE ACCESO ADICIONAL--NOMBRE DE PERSONA
Nombre de persona D'Orville, Aris
Término indicativo de función/relación colaborador
Código de función/relación col.
9 (RLIN) 88986
700 1# - PUNTO DE ACCESO ADICIONAL--NOMBRE DE PERSONA
Nombre de persona Tiburcio, Thairy
Término indicativo de función/relación colaborador
Código de función/relación col.
9 (RLIN) 88987
700 1# - PUNTO DE ACCESO ADICIONAL--NOMBRE DE PERSONA
Nombre de persona Javier, Francis
Término indicativo de función/relación colaborador
Código de función/relación col.
9 (RLIN) 88988
910 ## - DATOS DE OPCIÓN DEL USUARIO (OCLC)
Datos de opción del usuario LP
942 ## - ELEMENTOS DE PUNTO DE ACCESO ADICIONAL (KOHA)
Fuente del sistema de clasificación o colocación Dewey Decimal Classification
Tipo de ítem Koha Libro
Holdings
Estado de retiro Estado de pérdida Fuente del sistema de clasificación o colocación No para préstamo Código de colección Localización permanente Ubicación/localización actual Ubicación en estantería Fecha de adquisición Fuente de adquisición Total de préstamos Signatura topográfica completa Código de barras Fecha visto por última vez Precio válido a partir de Tipo de ítem Koha Número de copia
    Dewey Decimal Classification   Patrimonio Dominicano Biblioteca Nacional Pedro Henríquez Ureña Biblioteca Nacional Pedro Henríquez Ureña En catalogación 28.08.2025 Depósito Legal   xxx Q59s 2026-0433 29.01.2026 29.01.2026 Libro  
    Dewey Decimal Classification   Patrimonio Dominicano Biblioteca Nacional Pedro Henríquez Ureña Biblioteca Nacional Pedro Henríquez Ureña En catalogación 28.08.2025 Depósito Legal   xxx Q59s 2026-0434 29.01.2026 29.01.2026 Libro e.2
    Dewey Decimal Classification   Dominicana de Servicio Biblioteca Nacional Pedro Henríquez Ureña Biblioteca Nacional Pedro Henríquez Ureña En catalogación 29.01.2026 Depósito Legal   xxx Q59s 2026-0435 29.01.2026 29.01.2026 Libro e.3

Powered by Koha